000 00741nam a22001937a 4500
005 20260305121518.0
008 260305b |||||||| |||| 00| 0 eng d
020 _a978-1-2920-2582-7
050 _aQA 76.9 .D3 V45 2014
_b1
100 _aULLMAN,JEFFREY D.
245 _aA FIRST COURSE IN DATABASE SYSTEMS
250 _a3RD EDITION
260 _aEDINBURGH,
_bPEARSON EDUCATION LIMITED,
_c2014.
300 _a504,ILL
500 _aINCLUDES BIBLOGRAPHIC DESCRIPTION REFERENCES
650 _aDATABASE MANAGEMENT
700 _aWIDOM JENNIFER
942 _2lcc
_cBK
999 _c216782
_d216782